| Tag |
First Indicator |
Second Indicator |
Subfields |
| LEADER |
00000cam a2200000 a 4500 |
| 001 |
in00000552152 |
| 005 |
20231130190953.0 |
| 008 |
850405s1984 fr b i001 0 eng |
| 010 |
|
|
|a 85138943
|
| 016 |
|
|
|a (AMICUS)000005028010
|
| 019 |
|
|
|a 11538607
|a 11560192
|a 692256946
|a 993277141
|a 1154273031
|a 1170893984
|a 1180927692
|
| 020 |
|
|
|a 9264126074
|q (pbk.)
|
| 020 |
|
|
|a 9789264126077
|q (pbk.)
|
| 029 |
1 |
|
|a AU@
|b 000003700810
|
| 029 |
1 |
|
|a AU@
|b 000045067785
|
| 029 |
1 |
|
|a DEBBG
|b BV003647174
|
| 029 |
1 |
|
|a DEBSZ
|b 025710796
|
| 029 |
1 |
|
|a GBVCP
|b 013399659
|
| 029 |
1 |
|
|a GBVCP
|b 017718147
|
| 029 |
1 |
|
|a GBVCP
|b 022112987
|
| 029 |
1 |
|
|a HEBIS
|b 077017889
|
| 029 |
1 |
|
|a NLGGC
|b 843931574
|
| 029 |
1 |
|
|a NZ1
|b 400800
|
| 029 |
1 |
|
|a NZ1
|b 6147115
|
| 029 |
1 |
|
|a UNITY
|b 049976184
|
| 029 |
1 |
|
|a ZWZ
|b 027542831
|
| 029 |
1 |
|
|a NLC
|b 000005028010
|
| 035 |
|
|
|a (OCoLC)ocm12555080
|
| 035 |
|
|
|a (OCoLC)12555080
|z (OCoLC)11538607
|z (OCoLC)11560192
|z (OCoLC)692256946
|z (OCoLC)993277141
|z (OCoLC)1154273031
|z (OCoLC)1170893984
|z (OCoLC)1180927692
|
| 035 |
|
|
|a (OCoLC)ocm12555080
|
| 040 |
|
|
|a DLC
|b eng
|c DLC
|d CLE
|d PIT
|d BAKER
|d NLGGC
|d BTCTA
|d BUF
|d ZWZ
|d DEBBG
|d OCLCO
|d OCLCF
|d BEDGE
|d OCLCQ
|d QE2
|d OCLCQ
|d NLC
|d OCLCO
|d OCLCQ
|d OCLCA
|d OCLCO
|d WURST
|d UNITY
|d WIPOS
|d LUN
|d OCLCO
|
| 050 |
0 |
0 |
|a LC1085
|b .I5 1984
|
| 050 |
1 |
4 |
|a HD2326
|b .I52 1984
|
| 055 |
|
0 |
|a LC1085
|
| 070 |
0 |
|
|a LC1085.I5
|
| 082 |
0 |
0 |
|a 378/.103
|2 19
|
| 084 |
|
|
|a 85.15
|2 bcl
|
| 084 |
|
|
|a QB 400
|2 rvk
|
| 084 |
|
|
|a AL 20900
|2 rvk
|
| 084 |
|
|
|a BX 49
|2 blsrissc
|
| 086 |
0 |
|
|a (92 84 04 1)
|
| 245 |
0 |
0 |
|a Industry and university :
|b new forms of co-operation and communication.
|
| 260 |
|
|
|a Paris :
|b Organisation for Economic Co-operation and Development ;
|a [Washington, D.C.] :
|b [OECD Publications and Information Center, distributor],
|c 1984.
|
| 300 |
|
|
|a 70 pages ;
|c 23 cm
|
| 336 |
|
|
|a text
|b txt
|2 rdacontent
|
| 337 |
|
|
|a unmediated
|b n
|2 rdamedia
|
| 338 |
|
|
|a volume
|b nc
|2 rdacarrier
|
| 504 |
|
|
|a Includes bibliographical references (page 66) and index.
|
| 520 |
|
|
|a Ways that university-industry networks begin and then operate are discussed, based on 14 country reports. The various types of collaborative networks are considered, with particular focus on networks and industrial development. New forms of university-industry relations are also categorized by the function that they are intended to fulfill: long-term linkages, promotion of special areas of science and technology, and the development of liaison systems. Specific examples from the 14 countries are cited. The link between networks and the level of industrial development is considered, with attention to moving from informal to formal networks, the contribution of university-industry relations to regional development, and relations between universities and industry in less industrialized countries. Since networks depend on the scale and branch of industry, consideration is given to: large firms in high technology or traditional sectors, and small and medium size firms in high technology or traditional sectors. The promotion of long-term linkages is considered, including incentives and deregulation, science parks, university-originated firms, and school-industry partnerships. Perspectives are included on the prerequisites for success, universities and innovation, and strengthening the sociotechnical community. (SW).
|
| 508 |
|
|
|a "prepared by Stuart Blume, Georges Ferné and Michael Gibbons under the direction of Georges Ferné".
|
| 650 |
|
0 |
|a Academic-industrial collaboration.
|
| 650 |
|
6 |
|a Collaboration université-industrie.
|
| 650 |
|
7 |
|a UE/CE Etats membres.
|2 eclas
|
| 650 |
|
7 |
|a Organisation de coopération et de développement économiques.
|2 eclas
|
| 650 |
|
7 |
|a Universités.
|2 eclas
|
| 650 |
|
7 |
|a Industrie.
|2 eclas
|
| 650 |
|
7 |
|a Academic-industrial collaboration.
|2 fast
|0 (OCoLC)fst00795112
|
| 650 |
|
7 |
|a Hochschule
|2 gnd
|
| 650 |
|
7 |
|a Industrie
|2 gnd
|
| 610 |
2 |
7 |
|a Freie Universität Berlin
|b Allgemeiner Studentenausschuß
|b Kulturreferat
|2 gnd
|
| 650 |
1 |
7 |
|a Research and Development.
|2 gtt
|
| 650 |
1 |
7 |
|a Universiteiten.
|2 gtt
|
| 650 |
|
7 |
|a Industrie et éducation.
|2 ram
|
| 650 |
0 |
7 |
|a Universität.
|2 swd
|
| 653 |
0 |
0 |
|a colleges
|
| 653 |
0 |
0 |
|a hoger onderwijs
|
| 653 |
0 |
0 |
|a higher education
|
| 653 |
0 |
0 |
|a industrie
|
| 653 |
0 |
0 |
|a industry
|
| 653 |
0 |
0 |
|a fabricage
|
| 653 |
0 |
0 |
|a manufacture
|
| 653 |
0 |
0 |
|a technologie
|
| 653 |
0 |
0 |
|a technology
|
| 653 |
0 |
0 |
|a universiteiten
|
| 653 |
0 |
0 |
|a universities
|
| 653 |
0 |
0 |
|a economische planning
|
| 653 |
0 |
0 |
|a economic planning
|
| 653 |
0 |
0 |
|a organisatie
|
| 653 |
0 |
0 |
|a organization
|
| 653 |
0 |
0 |
|a wetenschap
|
| 653 |
0 |
0 |
|a science
|
| 653 |
1 |
0 |
|a Education Policy
|
| 653 |
1 |
0 |
|a Onderwijsbeleid
|
| 710 |
2 |
|
|a Organisation for Economic Co-operation and Development.
|
| 776 |
0 |
8 |
|i Online version:
|t Industry and university.
|d Paris : Organisation for Economic Co-operation and Development ; [Washington, D.C. : OECD Publications and Information Center, distributor], 1984
|w (OCoLC)559714021
|
| 938 |
|
|
|a World International Property Organization
|b WIPO
|n 18766
|
| 938 |
|
|
|a Baker & Taylor
|b BKTY
|c 7.00
|d 7.00
|i 9264126074
|n 0000927108
|s active
|
| 938 |
|
|
|a Baker and Taylor
|b BTCP
|n 85138943
|c 35.00F
|
| 948 |
|
|
|h HELD BY TXA - 312 OTHER HOLDINGS
|
| 994 |
|
|
|a Z0
|b TXA
|
| 999 |
f |
f |
|s 1fa8260d-3a4b-353c-b122-cdc75a037980
|i 7cdbb37d-5d72-3e0e-8dd2-cb7948d99279
|t 0
|
| 952 |
f |
f |
|p ric
|a Texas A&M University
|b Rellis Campus
|c Joint Library Facility
|s JLF
|d Remote Storage
|t 0
|e HD2326 .I52 1984
|h Library of Congress classification
|i unmediated -- volume
|m A14808256416
|